| 000 | 00548nam a22001577a 4500 | ||
|---|---|---|---|
| 020 | _a978-1-906211-74-5 | ||
| 082 |
_a796 _bSUL/O |
||
| 100 | _aSULLIVAN, JOE | ||
| 100 | _aKYLE, GREGOR | ||
| 245 |
_aTHE OFFICIAL CELTIC FOOTBALL CLUB _bANNUAL 2010 |
||
| 260 |
_aEDINBURGH _bGRANGE PUBLICATIONS _c2009 |
||
| 300 | _a63 | ||
| 520 | _aTHE OFFICIAL ANNUAL OF CELTIC FOOTBALL CLUB IS PACKED WITH NEW FEATURES ON ALL YOUR FAVOURITE HOOPS HEROES, SQUEEZED IN BEDSIDE ARTICLES ON SEASONAL LIFE IN PARADISE | ||
| 650 |
_aSPORTS _zUNITED KINGDOM |
||
| 942 | _cBK | ||
| 999 |
_c6241 _d6241 |
||